| 000 | 007600000a22002290004500 | ||
|---|---|---|---|
| 003 | LK-CoMWRAF | ||
| 005 | 20240229110845.0 | ||
| 008 | 230817t1980 ||||| |||| 00| 0 eng d | ||
| 040 |
_aLK-CoMWRAF _dLK-CoMWRAF _eLK-CoMWRAF |
||
| 041 | _aeng | ||
| 082 |
_a348.5493 _bSRI |
||
| 110 | _aSri Lanka, Democratic Socialist Republic | ||
| 245 | _aLegislative enactments of the Democratic Socialist Republic of Sri Lanka in force on the 31st day of December 1980 | ||
| 250 | _arev.ed. | ||
| 260 |
_a[Colombo]; _b[Dept. of Govt. Print.], _c1980 |
||
| 300 |
_a276 p. _bIndex included |
||
| 490 |
_avol. _vII, chapters 25-30 |
||
| 650 | _aLAW-Sri Lanka | ||
| 650 | _aCivil law and procedure | ||
| 700 |
_aDeheragoda, E. R. K. D. M. Hector _ecomp. |
||
| 942 | _cBK | ||
| 999 |
_c2757 _d2757 |
||